[Event "Match"]
[Site "www.echecsemail.com"]
[Date "2017.10.12"]
[Round "1"]
[White "Tonino1"]
[Black "Lcbunghai"]
[WhiteElo "2170"]
[BlackElo "1799"]
[Result "1-0"]
[Round "1"]
1.d4 f5
2.f4 Ng8f6
3.e3 d5
4.Ng1f3 g6
5.Bf1d3 Bf8g7
6.c3 O-O
7.O-O Nf6e4
8.Nb1d2 c6
9.Qd1e2 b5
10.Nf3e5 Bg7xe5
11.fxe5 e6
12.Nd2xe4 dxe4
13.Bd3c2 a6
14.Bc1d2 Nb8d7
15.b3 Nd7b6
16.c4 bxc4
17.bxc4 Bc8d7
18.Bd2a5 Qd8b8
19.Ra1b1 { resign }
1-0

[Event "Match"]
[Site "www.echecsemail.com"]
[Date "2017.10.12"]
[Round "1"]
[White "Canario"]
[Black "Carazo"]
[WhiteElo "1860"]
[BlackElo "1610"]
[Result "1-0"]
[Round "1"]
1.e4 d5
2.exd5 Qd8xd5
3.Nb1c3 Qd5d8
4.Ng1f3 Ng8f6
5.Bf1c4 Bc8e6
6.d4 Be6xc4
7.Bc1f4 Nb8c6
8.Qd1d2 g6
9.h3 Bf8g7
10.Bf4h6 Rh8g8
11.b3 Bc4d5
12.Qd2e3 Qd8d7
13.Bh6xg7 Rg8xg7
14.O-O O-O-O
15.Ra1e1 Rg7g8
16.Nf3e5 Nc6xe5
17.dxe5 Nf6h5
18.Re1d1 c6
19.Qe3xa7 Kc7
20.Qa7c5 b6
21.Rd1xd5 Qd7e6
22.Qc5c4 Kb7
23.Rd5xd8 Qe6xc4
24.bxc4 Rg8xd8
25.Rf1d1 Rd8xd1
26.Nc3xd1 Nh5f4
27.Nd1e3 e6
28.Ne3g4 Nf4e2
29.Kf1 Ne2c3
30.a3 Ka6
31.Ng4f6 h5
32.h4 Nc3b1
33.Ke2 Nb1xa3
34.Kd3 b5
35.cxb5 cxb5
36.Nf6e4 Ka5
37.Ne4d6 b4
38.Nd6xf7 Ka4
39.Nf7g5 Na3b1
40.Ng5xe6 Nb1a3
41.Ne6c5 Kb5
42.Nc5b3 Na3c4
43.Kd4 Nc4b2
44.e6 Nb2c4
45.Kd5 Nc4b6
46.Kd6 Nb6c8
47.Kd7 Nc8b6
48.Ke7 Kc6
49.Kf7 Nb6c8
50.e7 Nc8d6
51.Kxg6 Kd7
52.Kf6 Ke8
53.f3 Nd6c8
54.Kg5 Nc8xe7
55.Kxh5 Kf7
56.g4 Ne7g6
57.Nb3d4 Ng6f4
58.Kg5 Nf4h3
59.Kf5 Nh3f2
60.Nd4c6 Nf2d3
61.h5 Kg7
62.g5 Nd3e1
63.h6 Kh7
64.Nc6xb4 Ne1xf3
65.c4 Nf3d4
66.Kf6 Nd4f3
67.c5 Nf3d2
68.c6 Nd2e4
69.Kf7 Ne4xg5
70.Kf6 Ng5e4
71.Ke7 { resign }
1-0

[Event "Match"]
[Site "www.echecsemail.com"]
[Date "2017.10.12"]
[Round "1"]
[White "Apdash"]
[Black "Pinehill"]
[WhiteElo "2180"]
[BlackElo "2080"]
[Result "1-0"]
[Round "1"]
1.e4 d5
2.exd5 Ng8f6
3.c4 e6
4.dxe6 Bc8xe6
5.Nb1c3 Bf8c5
6.Ng1f3 Qd8e7
7.Qd1e2 O-O
8.d4 Bc5b4
9.Bc1d2 Rf8e8
10.Bd2e3 Nf6e4
11.Qe2c2 f5
12.Bf1d3 Re8f8
13.O-O Bb4xc3
14.bxc3 c6
15.Be3f4 Nb8d7
16.Ra1e1 Nd7f6
17.Nf3g5 h6
18.Ng5xe6 Qe7xe6
19.f3 Ne4g5
20.Re1xe6 Ng5xe6
21.Bf4d6 { resign }
1-0

[Event "1/64 Finale"]
[Site "www.chess-mail.com"]
[Date "2017.10.12"]
[Round "1"]
[White "Mitja"]
[Black "Begory"]
[WhiteElo "1990"]
[BlackElo "1650"]
[Result "1-0"]
[Round "1"]
1.d4 d5
2.e3 Bc8f5
3.c3 Nb8c6
4.h3 e6
5.Ng1e2 Ng8f6
6.Ne2g3 Bf8d6
7.Ng3xf5 O-O
8.Bf1d3 Qd8d7
9.Nf5xd6 Qd7xd6
10.Bd3c2 a6
11.b3 e5
12.dxe5 Nc6xe5
13.O-O c6
14.Nb1d2 Rf8e8
15.Nd2f3 Ne5xf3
16.Qd1xf3 Nf6e4
17.Bc2xe4 dxe4
18.Qf3e2 Ra8d8
19.Bc1b2 Qd6d2
20.Qe2xd2 Rd8xd2
21.Ra1b1 h6
22.Rf1d1 Rd2xd1
23.Rb1xd1 Re8e7
24.c4 f5
25.Bb2a3 Re7f7
26.Ba3b2 g6
27.g3 h5
28.h4 Kf8
29.a4 Ke8
30.Kf1 Ke7
31.Bb2a3 Ke6
32.Rd1d6 Ke7
33.Rd6xg6 Ke8
34.Rg6g5 { resign }
1-0

[Event "Eq:Latinoamerica-Tigers of Istanbul : "]
[Site "www.chess-mail.com"]
[Date "2017.10.12"]
[Round "1"]
[White "Bjonil60"]
[Black "Orhany24"]
[WhiteElo "1430"]
[BlackElo "2110"]
[Result "0-1"]
[Round "1"]
1.d4 d5
2.Ng1f3 Bc8f5
3.h3 Ng8f6
4.Nb1c3 e6
5.a3 h6
6.g3 a6
7.b3 Bf8d6
8.Rh1g1 c5
9.e3 O-O
10.g4 Bf5g6
11.Nf3h2 Bd6xh2
12.Rg1g2 Bh2d6
13.b4 cxb4
14.axb4 Nb8c6
15.Ra1b1 Bd6xb4
16.Bc1d2 a5
17.Nc3b5 Bb4xd2
18.Qd1xd2 Nf6e4
19.Qd2e2 Ra8c8
20.Rb1c1 Nc6b4
21.f3 Ne4c3
22.Nb5xc3 Rc8xc3
23.f4 Bg6e4
24.Rg2h2 Nb4xc2
25.Kf2 Nc2xd4
26.Qe2d2 Rc3c2
27.Rc1xc2 Nd4xc2
28.g5 hxg5
29.Kg3 gxf4
30.exf4 Qd8c7
31.h4 e5
32.Bf1d3 exf4
33.Kh3 Qc7d7

0-1

[Event "Eq:SIETE ESTRELLAS VERDES-Tigers of Istanbul : "]
[Site "www.chess-mail.com"]
[Date "2017.10.12"]
[Round "1"]
[White "Caspito"]
[Black "Geretree"]
[WhiteElo "1870"]
[BlackElo "1940"]
[Result "1-0"]
[Round "1"]
1.e4 e5
2.Ng1f3 Nb8c6
3.Bf1c4 h6
4.c3 Bf8c5
5.d4 exd4
6.cxd4 Bc5b4
7.Nb1c3 Ng8f6
8.O-O d6
9.d5 Nc6e5
10.Nf3xe5 dxe5
11.Qd1a4 Bc8d7
12.Qa4xb4 b6
13.d6 c5
14.Qb4b3 O-O
15.f3 Bd7c6
16.Rf1d1 Nf6d7
17.Bc1e3 Qd8f6
18.Rd1d2 Rf8d8
19.Ra1f1 Ra8b8
20.Nc3d5 Bc6xd5
21.Bc4xd5 a5
22.Rd2f2 g5
23.g3 Qf6g6
24.Rf2g2 Kg7
25.f4 g4
26.fxe5 Nd7xe5
27.Be3f4 Ne5f3
28.Kh1 Nf3d4
29.Bf4e5 Kf8
30.Rf1xf7 Ke8
31.Rf7e7 { resign }
1-0

[Event "Tourn. n9523"]
[Site "www.chess-mail.com"]
[Date "2017.10.13"]
[Round "1"]
[White "Pachi"]
[Black "Cal"]
[WhiteElo "1580"]
[BlackElo "1680"]
[Result "0-1"]
[Round "1"]
1.e4 e5
2.Ng1f3 d6
3.Bf1c4 Ng8f6
4.d3 h6
5.c3 a6
6.d4 exd4
7.cxd4 b5
8.Bc4d5 Bc8e6
9.Bd5xa8 Bf8e7
10.d5 Be6g4
11.Qd1d4 Nb8d7
12.Ba8c6 O-O
13.Bc6xd7 Qd8xd7
14.e5 dxe5
15.Nf3xe5 Qd7f5
16.h3 Be7c5
17.Qd4xg4 Qf5xf2
18.Kd1 Nf6xg4
19.Ne5xg4 Rf8d8
20.Ng4xf2 Bc5xf2
21.Ke2 Bf2g3
22.Rh1d1 f5
23.Nb1c3 b4
24.Nc3a4 f4
25.Na4c5 a5
26.Nc5b7 Rd8d7
27.Nb7xa5 Rd7e7
28.Kf3 g5
29.d6 cxd6
30.Rd1xd6 Kg7
31.Bc1d2 h5
32.Bd2xb4 Re7e3
{ resign }
0-1

[Event "Tourn. n9541"]
[Site "www.chess-mail.com"]
[Date "2017.10.13"]
[Round "1"]
[White "Odin"]
[Black "Estonia"]
[WhiteElo "1830"]
[BlackElo "1990"]
[Result "1/2-1/2"]
[Round "1"]
1.e4 c5
2.Bf1c4 Nb8c6
3.Ng1f3 e6
4.c3 g6
5.d3 Bf8g7
6.Bc1g5 f6
7.Bg5e3 b6
8.a4 a5
9.Nb1d2 Ng8e7
10.Bc4b5 Bc8b7
11.Nd2c4 d5
12.exd5 Ne7xd5
13.Be3d2 O-O
14.O-O Nc6e7
15.Rf1e1 e5
16.Nc4e3 Ra8c8
17.Qd1b3 Kh8
18.Qb3a2 Nd5xe3
19.Bd2xe3 Bb7xf3
20.gxf3 Ne7f5
21.Qa2e6 Qd8d6
22.Qe6c4 Nf5h4
23.Qc4xh4 f5
24.Ra1d1 Bg7f6
25.Qh4h3 f4
26.Be3d2 Bf6g7
27.Bb5d7 Rc8c7
28.Bd7b5 Rf8f5
29.d4 cxd4
30.Bb5d3 Rf5h5
31.Qh3g4 Qd6f6
32.Kh1 Rh5g5
33.Qg4h3 Rg5h5
34.Qh3g4 Rh5g5
35.Qg4h3 Rg5h5
36.Qh3g4 Rh5g5
{ draw }
1/2-1/2

[Event "Tourn. n9531"]
[Site "www.chess-mail.com"]
[Date "2017.10.13"]
[Round "1"]
[White "Apdash"]
[Black "Awfen"]
[WhiteElo "1920"]
[BlackElo "2050"]
[Result "1/2-1/2"]
[Round "1"]
1.d4 d5
2.c4 dxc4
3.Nb1c3 Ng8f6
4.e4 e6
5.Bf1xc4 b6
6.Bc1g5 Bc8b7
7.Bg5xf6 Qd8xf6
8.Ng1f3 Bf8e7
9.O-O O-O
10.Qd1d3 Nb8c6
11.d5 Nc6b4
12.Qd3e2 exd5
13.Nc3xd5 Nb4xd5
14.exd5 Be7d6
15.Rf1e1 a6
16.a4 Ra8e8
17.Qe2d2 a5
18.Re1xe8 Rf8xe8
19.Ra1d1 Bd6b4
20.Qd2c2 h6
21.h3 Qf6f4
22.Rd1d4 Qf4d6
23.Rd4e4 Re8d8
24.Re4d4 Bb4c5
25.Rd4d3 Bb7c8
26.Qc2e2 Bc8d7
27.b3 Rd8e8
28.Qe2c2 Bd7f5
29.Qc2d1 Bf5xd3
30.Qd1xd3 Re8e7
31.Qd3f5 Qd6d8
32.g4 Re7d7
33.Nf3e5 Rd7e7
34.Kg2 Qd8d6
35.Ne5f3 Qd6d8
36.h4 Bc5d6
37.h5 Qd8d7
38.Qf5xd7 Re7xd7
39.g5 hxg5
40.Nf3xg5 Rd7e7
41.Kh3 Re7e5
42.Kg4 Re5e1
43.f3 Re1g1
44.Kf5 Rg1h1
45.Kg4 f5
46.Kxf5 Rh1xh5
47.Kg6 Rh5h6
48.Kf5 Kf8
49.Ng5e6 Kg8
50.Ne6g5 Rh6h5
51.Kg6 { draw }
1/2-1/2

[Event "Tourn. n9540"]
[Site "www.chess-mail.com"]
[Date "2017.10.13"]
[Round "1"]
[White "Claymil"]
[Black "Bojan"]
[WhiteElo "2120"]
[BlackElo "1990"]
[Result "0-1"]
[Round "1"]
1.c4 g6
2.Nb1c3 Bf8g7
3.g3 c6
4.Bf1g2 e6
5.e3 Ng8e7
6.Ng1e2 d5
7.cxd5 Ne7xd5
8.a3 Nb8d7
9.d4 Nd7b6
10.O-O h5
11.b3 Nd5f6
12.Bc1b2 h4
13.Ne2f4 Nf6g4
14.Nf4xg6 Ng4xe3
15.fxe3 fxg6
16.Qd1g4 g5
17.Qg4f3 Qd8e7
18.Ra1c1 Bc8d7
19.Nc3e4 O-O-O
20.Ne4c5 hxg3
21.Qf3xg3 Nb6d5
22.Nc5e4 Rh8h5
23.Bg2f3 Rh5h8
24.Kh1 Bg7f8
25.Qg3xg5 Qe7h7
26.Rf1f2 Bf8e7
27.Qg5e5 Bd7e8
28.Ne4c5 Qh7h4
29.Rf2g2 Be8h5
30.Bf3xh5 Rh8xh5
31.Qe5xe6 Kc7
32.Nc5xb7 Rh5h6
33.Rc1xc6 Kxb7
34.Qe6xh6 Qh4e4
35.Qh6g6 Qe4xe3
36.Rc6e6 Qe3xb3
37.Qg6e4 Rd8d7
38.Re6e5 Be7d8
39.Rg2e2 Kc7
40.Qe4c2 Qb3xc2
41.Re2xc2 Kd6
42.a4 Nd5b4
43.Bb2a3 a5
44.Rc2c4 Rd7b7
45.Re5b5 Rb7xb5
46.axb5 Kd5
47.Rc4c8 Bd8b6
48.Ba3b2 Nb4d3
49.Bb2c3 Nd3f4
50.Rc8e8 Nf4e6
51.h4 Ne6xd4
52.h5 Nd4xb5
53.Re8e5 Kc4
54.Bc3d2 Bb6d4
55.Re5e6 a4
56.Re6a6 Kb3
57.h6 a3
58.h7 Nb5c3
59.Bd2g5 a2
60.Ra6b6 Bd4xb6
61.h8Q a1Q
62.Kh2 Qa1g1
{ resign }
0-1

[Event "Tourn. n9537"]
[Site "www.chess-mail.com"]
[Date "2017.10.13"]
[Round "1"]
[White "Francesco"]
[Black "Cjood"]
[WhiteElo "2140"]
[BlackElo "2010"]
[Result "1-0"]
[Round "1"]
1.d4 g6
2.e4 b6
3.Bc1g5 Bf8g7
4.Bf1c4 Bg7f6
5.Ng1f3 Bf6xg5
6.Nf3xg5 e6
7.Ng5f3 Bc8b7
8.Nb1d2 Qd8e7
9.O-O d6
10.Rf1e1 Nb8d7
11.c3 O-O-O
12.Qd1a4  { time }
1-0

[Event "Tourn. n9568"]
[Site "www.chess-mail.com"]
[Date "2017.10.13"]
[Round "1"]
[White "Apdash"]
[Black "Fantomas"]
[WhiteElo "2150"]
[BlackElo "2220"]
[Result "1-0"]
[Round "1"]
1.e4 c5
2.Ng1f3 d6
3.d4 cxd4
4.Nf3xd4 Nb8c6
5.c3 Ng8f6
6.f3 a6
7.Bc1e3 e6
8.Bf1e2 Bf8e7
9.O-O O-O
10.Nb1d2 e5
11.Nd4xc6 bxc6
12.Qd1c2 Qd8c7
13.f4 Nf6g4
14.Be2xg4 Bc8xg4
15.f5 f6
16.h3 Bg4h5
17.a4 Bh5f7
18.c4 Rf8d8
19.a5 Qc7b7
20.b3 Rd8d7
21.Ra1b1 c5
22.Rb1b2 Be7d8
23.Rf1a1 Bf7e8
24.Nd2b1 Ra8b8
25.Nb1c3 Be8f7
26.Be3d2 Bf7xc4
27.Nc3a4 Bc4f7
28.b4 c4
29.Na4c3 Qb7c6
30.Kh1 d5
31.exd5 Bf7xd5
32.Bd2e3 Bd5f7
33.Be3c5 Rd7d3
34.Kg1 e4
35.Ra1e1 Bf7d5
36.Nc3xe4 Bd8c7
37.Qc2e2 Rb8e8
38.Ne4xf6 gxf6
39.Qe2xe8 { resign }
1-0

[Event "Tourn. n9526"]
[Site "www.chess-mail.com"]
[Date "2017.10.13"]
[Round "1"]
[White "Cjood"]
[Black "Comrade"]
[WhiteElo "2010"]
[BlackElo "2270"]
[Result "0-1"]
[Round "1"]
1.c4 Ng8f6
2.g3 g6
3.Bf1g2 c5
4.Nb1c3 Nb8c6
5.e3 Bf8g7
6.d3 e6
7.Bc1d2 d5
8.Qd1c2 Nc6b4
9.Qc2b1 O-O
10.cxd5 exd5
11.Nc3a4 Qd8d6
12.a3 Nb4c6
13.b4 b6
14.Ra1a2 c4
15.dxc4 Bc8f5
16.Qb1c1 Bf5e4
 { time }
0-1

[Event "Tourn. n9482"]
[Site "www.chess-mail.com"]
[Date "2017.10.13"]
[Round "1"]
[White "Tartan"]
[Black "Astroboy"]
[WhiteElo "2450"]
[BlackElo "2440"]
[Result "1-0"]
[Round "1"]
1.e4 c6
2.d4 d5
3.Nb1c3 dxe4
4.Nc3xe4 Bc8f5
5.Ne4g3 Bf5g6
6.Ng1f3 h6
7.Bf1c4 Ng8f6
8.Nf3e5 Qd8d6
9.Ne5xg6 fxg6
10.Qd1d3 Nf6d5
11.Ng3e4 Qd6e6
12.O-O Nb8d7
13.Rf1e1 Nd7f6
14.Bc1d2 Nf6xe4
15.Re1xe4 Qe6f5
16.Ra1e1 O-O-O
17.Qd3g3 Rd8d6
18.Bc4d3 Qf5d7
19.Re4e5 Rd6f6
20.Bd3xg6 e6
21.Qg3d3 Nd5c7
22.c4 Bf8e7
23.Bd2c3 Rh8d8
24.Re5e2  { time }
1-0

[Event "Tourn. n9461"]
[Site "www.chess-mail.com"]
[Date "2017.10.13"]
[Round "1"]
[White "Ditto"]
[Black "Falcoale"]
[WhiteElo "1840"]
[BlackElo "2100"]
[Result "0-1"]
[Round "1"]
1.e4 c5
2.Ng1f3 Nb8c6
3.Bf1b5 Nc6d4
4.Nf3xd4 cxd4
5.d3 a6
6.Bb5c4 b5
7.Bc4d5 Ra8b8
8.Qd1f3 e6
9.Bd5b3 Bc8b7
10.O-O Ng8f6
11.Bc1g5 Bf8e7
12.Nb1d2 h6
13.Bg5f4 O-O
14.Bf4xb8 Qd8xb8
15.Rf1e1 a5
16.a3 a4
17.Bb3a2 e5
18.Nd2f1 d6
19.Nf1g3 Bb7c8
20.Ra1c1 Bc8g4
21.Qf3e2 Bg4xe2
22.Ng3xe2 Nf6d7
23.Ne2g3 Nd7f6
24.Ng3f5 Rf8e8
25.h3 b4
26.Ba2c4 Be7f8
27.Rc1b1 bxa3
28.bxa3 Qb8a7
29.Rb1b4 Re8b8
30.Re1b1 Rb8xb4
31.Rb1xb4 d5
32.Rb4b2 dxc4
33.dxc4 Nf6xe4
34.Kf1 d3
35.Nf5e3 d2
36.Ke2 Bf8xa3
37.Rb2a2 Ne4c3
{ resign }
0-1

[Event "Tourn. n9482"]
[Site "www.chess-mail.com"]
[Date "2017.10.13"]
[Round "1"]
[White "Astroboy"]
[Black "Coolant"]
[WhiteElo "2440"]
[BlackElo "2300"]
[Result "0-1"]
[Round "1"]
1.e4 Nb8c6
2.d4 d5
3.e5 f6
4.Ng1f3 Bc8g4
5.Bf1b5 Qd8d7
6.c3 a6
7.Bb5e2 O-O-O
8.Nb1d2 fxe5
9.dxe5 Qd7f5
10.O-O Ng8h6
11.Rf1e1 e6
12.h3 Bg4xf3
13.Nd2xf3 Bf8c5
14.b4 Bc5b6
15.Be2d3 Qf5h5
16.a4 a5
17.b5 Nc6e7
18.Nf3g5 Qh5h4
19.Qd1e2 Rd8f8
20.Bc1e3 Bb6xe3
21.Qe2xe3 Nh6f5
22.Qe3c1 Kd7
 { time }
0-1

[Event "Match"]
[Site "www.echecsemail.com"]
[Date "2017.10.13"]
[Round "1"]
[White "Cjood"]
[Black "Attatroll"]
[WhiteElo "2000"]
[BlackElo "1970"]
[Result "0-1"]
[Round "1"]
1.Ng1f3 f5
2.c3 Ng8f6
3.d4 e6
4.Bc1f4 Bf8e7
5.Nb1d2 d5
6.e3 c6
7.Nf3e5 O-O
8.h3 Nb8d7
9.Bf1e2 Nd7xe5
10.Bf4xe5 Be7d6
11.Nd2f3 Nf6e4
12.Be5xd6 Qd8xd6
13.Be2d3 Bc8d7
14.Nf3e5 Bd7e8
15.g4 g6
16.gxf5 exf5
17.f3 Ne4f6
18.Rh1g1 Kg7
19.Bd3xf5 Nf6d7
20.Ne5xd7 Be8xd7
21.Bf5xd7 Qd6xd7
22.Rg1g3 Ra8e8
23.Qd1d2 Qd7f5
24.f4 Qf5xf4
25.Rg3g1 Re8xe3
26.Kd1 Qf4e4
27.Ra1c1 Re3d3
 { time }
0-1

[Event "Match"]
[Site "www.echecsemail.com"]
[Date "2017.10.13"]
[Round "1"]
[White "Pellix84"]
[Black "Apdash"]
[WhiteElo "2080"]
[BlackElo "2210"]
[Result "0-1"]
[Round "1"]
1.d4 d5
2.Bc1f4 e6
3.e3 Ng8f6
4.c4 dxc4
5.Bf1xc4 Bf8b4
6.Nb1c3 O-O
7.Ng1f3 Nb8d7
8.O-O h6
9.h3 a6
10.Ra1c1 b5
11.Bc4b3 Bb4d6
12.Nf3e5 Bc8b7
13.Rf1e1 b4
14.Nc3e2 Nf6d5
15.Bf4g3 a5
16.Qd1d3 Bb7a6
17.Bb3c4 Ba6xc4
18.Qd3xc4 Nd7b6
19.Qc4b5 Qd8e8
20.Ne5c6 f5
21.Bg3xd6 cxd6
22.Ne2f4 Nd5xf4
23.exf4 Nb6d5
24.Qb5c4 Nd5xf4
25.Re1e3 Rf8f6
26.Kh2 Kh7
27.g3 d5
28.Qc4c5 Nf4g6
29.Nc6xa5 Qe8a4
30.Na5c6 Ra8c8
31.Qc5b6 Ng6e7
{ resign }
0-1

[Event "Match"]
[Site "www.echecsemail.com"]
[Date "2017.10.13"]
[Round "1"]
[White "Fangshuo"]
[Black "Gidi5"]
[WhiteElo "2040"]
[BlackElo "1499"]
[Result "0-1"]
[Round "1"]
1.e4 e5
2.Ng1f3 Nb8c6
3.Bf1b5 a6
4.Bb5a4 Ng8f6
5.Nb1c3 b5
6.Ba4b3 Bf8c5
7.Nf3xe5 Bc5xf2
8.Kxf2 Nc6xe5
9.Rh1f1 b4
10.Nc3d5 Nf6g4
11.Kg1 Qd8h4
{ resign }
0-1

[Event "Match"]
[Site "www.echecsemail.com"]
[Date "2017.10.13"]
[Round "1"]
[White "Joaodelisboa"]
[Black "Bjonil60"]
[WhiteElo "1599"]
[BlackElo "1510"]
[Result "1-0"]
[Round "1"]
1.e4 Nb8c6
2.d4 e6
3.Ng1f3 h6
4.Bf1e2 Qd8e7
5.O-O a6
6.Nb1c3 f6
7.Nf3h4 g5
8.Nh4g6 Qe7h7
9.Be2h5 Kd8
10.Ng6xh8 Qh7xh8
11.Bc1e3 b6
12.d5 Nc6e7
13.dxe6 b5
14.exd7 Bc8xd7
15.Bh5g4 h5
16.Qd1xd7 
1-0

[Event "Match"]
[Site "www.echecsemail.com"]
[Date "2017.10.13"]
[Round "1"]
[White "Ditto"]
[Black "Stevep84"]
[WhiteElo "1900"]
[BlackElo "2160"]
[Result "0-1"]
[Round "1"]
1.d4 c6
2.Ng1f3 d5
3.Bc1f4 Bc8f5
4.e3 e6
5.Bf1d3 Ng8e7
6.Bd3xf5 Ne7xf5
7.Nb1c3 Bf8b4
8.O-O Bb4d6
9.Bf4g5 Bd6e7
10.Bg5f4 Be7d6
11.Bf4g5 f6
12.Bg5h4 g5
13.Bh4g3 Nf5xg3
14.fxg3 Nb8d7
15.a3 Qd8c7
16.Nf3d2 O-O-O
17.b4 h5
18.Qd1f3 g4
19.Qf3e2 f5
20.Nd2b3 h4
21.a4 hxg3
22.b5 Rh8xh2
23.bxc6 Rd8h8
24.cxb7 Kb8
25.Qe2a6 Rh2h1
{ resign }
0-1

[Event "Match"]
[Site "www.echecsemail.com"]
[Date "2017.10.13"]
[Round "1"]
[White "Mdesouza"]
[Black "Cjood"]
[WhiteElo "2250"]
[BlackElo "1820"]
[Result "1-0"]
[Round "1"]
1.e4 g6
2.Ng1f3 b6
3.d4 e6
4.Bf1e2 Bc8b7
5.Nb1c3 Bf8g7
6.Bc1e3 d6
7.O-O c6
8.Qd1d2 Nb8d7
9.Ra1d1  { time }
1-0

[Event "Match"]
[Site "www.echecsemail.com"]
[Date "2017.10.13"]
[Round "1"]
[White "Griffo30"]
[Black "Cjood"]
[WhiteElo "2120"]
[BlackElo "1980"]
[Result "1-0"]
[Round "1"]
1.d4 g6
2.c4 Bf8g7
3.Nb1c3 c6
4.e4 e6
5.Ng1f3 d6
6.Bc1g5 Bg7f6
7.Bg5xf6 Ng8xf6
8.Bf1d3 Nb8d7
9.O-O Qd8c7
10.h3 O-O
11.Rf1e1 e5
12.d5 cxd5
13.exd5 Nd7c5
14.Bd3c2 a6
15.b4 Nc5d7
16.Bc2b3 Qc7b6
17.a3 Qb6d8
18.Qd1d2 Rf8e8
19.Qd2h6  { time }
1-0

[Event "Match"]
[Site "www.echecsemail.com"]
[Date "2017.10.13"]
[Round "1"]
[White "Pinehill"]
[Black "Cjood"]
[WhiteElo "2070"]
[BlackElo "2010"]
[Result "1-0"]
[Round "1"]
1.e4 e6
2.d4 d5
3.Nb1d2 dxe4
4.Nd2xe4 g6
5.Ng1f3 Bf8g7
6.Bf1b5 c6
7.Bb5e2 h6
8.O-O f5
9.Ne4c5 b6
10.Nc5b3 g5
11.c4 Bc8b7
12.Nf3e5 Bg7xe5
13.dxe5 Qd8xd1
14.Rf1xd1 c5
15.Be2h5 Ke7
16.f4 g4
17.h3 gxh3
18.gxh3 Bb7a6
19.Nb3d2 Nb8c6
20.Nd2f3 Ba6xc4
21.Nf3h4 Rh8h7
22.Nh4g6 Kf7
23.Rd1d7 Ke8
24.Rd7xh7 Kd8
25.Ng6f8 Nc6d4
26.Rh7d7 Kc8
27.Rd7g7  { time }
1-0

[Event "Match"]
[Site "www.echecsemail.com"]
[Date "2017.10.13"]
[Round "1"]
[White "Krystek23"]
[Black "Apdash"]
[WhiteElo "2370"]
[BlackElo "1920"]
[Result "1-0"]
[Round "1"]
1.c4 e6
2.Nb1c3 Ng8f6
3.Ng1f3 Bf8c5
4.e3 d5
5.d4 Bc5b4
6.Bc1d2 Nb8c6
7.a3 Bb4xc3
8.Bd2xc3 O-O
9.Qd1c2 Nc6e7
10.Ra1c1 Bc8d7
11.Bf1d3 Ra8c8
12.cxd5 exd5
13.O-O Ne7g6
14.Nf3e5 c5
15.dxc5 Rc8xc5
16.b4 Rc5c8
17.Ne5xd7 Qd8xd7
18.Qc2b2 Qd7d6
19.Bc3d4 Nf6g4
20.g3 f6
21.Rc1xc8 Rf8xc8
22.Bd3f5 Ng4xe3
23.Bd4xe3 Rc8d8
24.Be3xa7 Ng6e5
25.Ba7c5 Qd6c6
26.f4 Ne5c4
27.Qb2c3 Rd8e8
28.Qc3d3 h6
29.Bf5g6 Re8e6
30.Rf1d1 b6
31.Qd3xd5 Qc6xd5
32.Rd1xd5 { resign }
1-0

[Event "Match"]
[Site "www.echecsemail.com"]
[Date "2017.10.13"]
[Round "1"]
[White "Liencam2"]
[Black "Ketchuplover"]
[WhiteElo "2210"]
[BlackElo "1940"]
[Result "1-0"]
[Round "1"]
1.e4 Ng8f6
2.Nb1c3 d6
3.d4 g6
4.Ng1f3 Bf8g7
5.Bf1e2 O-O
6.h3 b6
7.O-O Bc8b7
8.Be2d3 Nb8d7
9.Bc1f4 c5
10.dxc5 Nd7xc5
11.Rf1e1 Nc5xd3
12.cxd3 e5
13.Bf4g5 h6
14.Bg5e3 a6
15.Qd1d2 Kh7
16.Ra1c1 Nf6d7
17.Nf3h2 f5
18.exf5 gxf5
19.f4 Ra8c8
20.Qd2f2 Nd7c5
21.Re1d1 exf4
22.Be3xf4 d5
23.Nh2f3 Rf8e8
24.b4 Nc5e6
25.Nc3e2 Rc8xc1
26.Rd1xc1 Ne6xf4
27.Ne2xf4 Bg7f6
28.Nf4h5 d4
29.Rc1c7 Qd8xc7
30.Nh5xf6 Kh8
31.Nf6xe8 Qc7e7
32.Qf2xd4 Kg8
33.Ne8f6 Kf7
34.Nf3e5 Ke6
35.Nf6h5 Qe7g5
36.Nh5f4 { resign }
1-0

[Event "1/128 Finale"]
[Site "www.chess-mail.com"]
[Date "2017.10.13"]
[Round "1"]
[White "Knightour"]
[Black "Attatroll"]
[WhiteElo "1299"]
[BlackElo "1970"]
[Result "0-1"]
[Round "1"]
1.e4 d6
2.d4 Ng8f6
3.Nb1c3 g6
4.f4 Bf8g7
5.Ng1f3 c5
6.Bf1b5 Bc8d7
7.Bb5xd7 Nb8xd7
8.O-O O-O
9.h3 cxd4
10.Nf3xd4 Qd8b6
11.Kh1 Nf6h5
12.Nd4e2 Bg7xc3
13.bxc3 Nd7f6
14.g4 Nh5g7
15.Qd1d3 Ra8c8
16.Bc1e3 Qb6c6
17.Ne2g3 Nf6d7
18.Be3d2 f5
19.Qd3d5 Kh8
20.Qd5xc6 Rc8xc6
21.Ra1b1 b6
22.Rb1e1 e5
23.gxf5 gxf5
24.fxe5 Nd7xe5
25.exf5 Ne5c4
26.Bd2h6 d5
27.Re1e7 Rc6xh6
{ resign }
0-1

[Event "Fast Game"]
[Site "www.echecsemail.com"]
[Date "2017.10.13"]
[Round "1"]
[White "Fabiche"]
[Black "Apdash"]
[WhiteElo "1599"]
[BlackElo "1589"]
[Result "0-1"]
[Round "1"]
1.d4 d5
2.e3 Ng8f6
3.Nb1c3 Bc8g4
4.Ng1f3 e6
5.h3 Bg4h5
6.Bc1d2 a6
7.Nc3e2 c5
8.dxc5 Bf8xc5
9.Ne2f4 Bh5g6
10.b4 Bc5d6
11.Nf4xg6 hxg6
12.c4 b6
13.cxd5 Nf6xd5
14.Ra1b1 Nb8d7
15.e4 Nd5f6
16.Qd1c2 O-O
17.Bd2e3 Qd8e7
18.a3 Rf8c8
19.Qc2d3 a5
20.Rb1d1 Bd6c7
21.Be3g5 axb4
22.Qd3b5 e5
23.axb4 Bc7d6
24.Rd1b1 Qe7e6
25.Bf1d3 Nf6e8
26.Bg5d2 Ne8c7
27.Qb5c4 Qe6e7
28.Rb1c1 Ra8a3
29.Ke2 Rc8a8
30.Rc1c3 Ra3xc3
31.Qc4xc3 b5
 { time }
0-1

[Event "Fast Game"]
[Site "www.echecsemail.com"]
[Date "2017.10.13"]
[Round "1"]
[White "Apdash"]
[Black "Leonger"]
[WhiteElo "1889"]
[BlackElo "2080"]
[Result "0-1"]
[Round "1"]
1.e4 c5
2.Ng1f3 Nb8c6
3.d4 cxd4
4.Nf3xd4 e5
5.Nd4f3 Ng8f6
6.Bc1g5 Bf8c5
7.Bg5xf6 Qd8xf6
8.Qd1d2 O-O
9.Bf1d3 d6
10.c3 Bc8g4
11.Bd3e2 Ra8d8
12.O-O Qf6g6
13.Nf3h4 Qg6xe4
14.Be2xg4 Qe4xg4
15.g3 d5
16.Qd2d1 Qg4d7
17.Nb1d2 e4
18.c4 Qd7e6
19.cxd5 Rd8xd5
20.Qd1e2 e3
21.Qe2f3 Rd5xd2
22.fxe3 Bc5xe3
23.Kh1 Qe6h3
24.Nh4g2 Nc6e5
25.Qf3xb7 Ne5g4
{ resign }
0-1

[Event "Tourn. n9535"]
[Site "www.chess-mail.com"]
[Date "2017.10.14"]
[Round "1"]
[White "Fantomas"]
[Black "Coolant"]
[WhiteElo "2230"]
[BlackElo "2320"]
[Result "0-1"]
[Round "1"]
1.c4 Ng8f6
2.Nb1c3 e5
3.d3 Bf8b4
4.Bc1d2 O-O
5.Ng1f3 Rf8e8
6.e4 c6
7.a3 Bb4xc3
8.Bd2xc3 d5
9.Qd1c2 Nb8d7
10.b4 d4
11.Bc3d2 c5
12.Bf1e2 Qd8c7
13.O-O b6
14.b5 a6
15.a4 a5
16.h3 Nd7f8
17.Bd2g5 Qc7d6
18.Nf3h2 h6
19.Bg5d2 Nf8g6
20.Rf1e1 Ng6f4
21.Be2f1 g5
22.Qc2d1 h5
23.Ra1a2 g4
24.h4 Nf6h7
25.g3 Nf4g6
26.Bd2c1 Qd6f8
27.Bf1e2 f5
28.exf5 Qf8xf5
29.f3 Nh7f6
30.Re1f1 Qf5e6
31.Bc1g5 Re8f8
32.Bg5xf6 Rf8xf6
33.fxg4 Rf6xf1
34.Kxf1 Bc8b7
35.Be2f3 Ra8f8
36.Ra2f2 Rf8xf3
37.Nh2xf3 Qe6xg4
38.Qd1e2 Qg4xg3
39.Rf2g2 Qg3h3
40.Kf2 Qh3xg2
41.Kxg2 Ng6f4
42.Kf2 Nf4xe2
43.Kxe2 Bb7xf3
44.Kxf3 Kf7
{ resign }
0-1

[Event "Tourn. n9527"]
[Site "www.chess-mail.com"]
[Date "2017.10.14"]
[Round "1"]
[White "Amaya"]
[Black "Bigrezi"]
[WhiteElo "2070"]
[BlackElo "2160"]
[Result "1-0"]
[Round "1"]
1.d4 Ng8f6
2.e3 a6
3.Bf1d3 d5
4.f4 c5
5.c3 e6
6.Nb1d2 Nb8c6
7.Ng1f3 Bf8d6
8.O-O O-O
9.Nf3e5 Qd8c7
10.g4 h6
11.g5 hxg5
12.fxg5 Nf6d7
13.Qd1h5 f5
14.Ne5g6 Rf8d8
15.Ng6f4 Nd7f8
16.g6 cxd4
17.Nf4xe6 Bc8xe6
18.Bd3xf5 Be6xf5
19.Rf1xf5 Nc6e7
20.Rf5xf8 Rd8xf8
21.Qh5h7 
1-0

[Event "Tourn. n9459"]
[Site "www.chess-mail.com"]
[Date "2017.10.14"]
[Round "1"]
[White "Ditto"]
[Black "Nulladies"]
[WhiteElo "1860"]
[BlackElo "1940"]
[Result "0-1"]
[Round "1"]
1.e4 c5
2.Bf1c4 g6
3.Ng1f3 Bf8g7
4.d3 Nb8c6
5.Nf3g5 Nc6e5
6.Bc4b3 h6
7.Ng5f3 b6
8.Bb3d5 Ra8b8
9.Nb1c3 e6
10.Bd5b3 Ng8e7
11.Bc1f4 d6
12.Qd1d2 g5
13.Bf4e3 Ne5xf3
14.gxf3 O-O
15.O-O-O Ne7c6
16.Bb3a4 Bc8d7
17.f4 gxf4
18.Be3xf4 Nc6d4
19.Ba4xd7 Qd8xd7
20.Qd2e3 Rf8e8
21.Rh1g1 Kf8
22.Qe3g3 f6
23.Bf4xd6 Kg8
24.Bd6f4 e5
25.Bf4xh6 Re8e7
26.Nc3d5 Nd4e2
27.Kb1 Ne2xg3
28.Rg1xg3 Kh8
29.Bh6e3 Kg8
30.Rd1g1 Re7f7
31.h4 Kh7
32.h5 Bg7h6
33.Be3xh6 Kxh6
34.Rg1h1 Rf7g7
35.Rg3f3 Rg7f7
36.Nd5e3 Rb8g8
37.Ne3f5 Kh7
38.Nf5e3 Qd7c6
39.Ne3c4 Qc6e6
40.Rf3f5 Rg8g5
41.Rf5f3 Qe6g4
42.Rf3g3 Qg4e2
43.Rg3g1 Rg5xg1
44.Rh1xg1 Qe2xf2
{ resign }
0-1

[Event "Tourn. n9537"]
[Site "www.chess-mail.com"]
[Date "2017.10.14"]
[Round "1"]
[White "Bojan"]
[Black "Francesco"]
[WhiteElo "2000"]
[BlackElo "2140"]
[Result "0-1"]
[Round "1"]
1.e4 c6
2.d4 d5
3.e5 Bc8f5
4.Ng1f3 e6
5.Nf3h4 Bf5g6
6.Nh4xg6 hxg6
7.Bf1e2 Nb8d7
8.a3 Ng8e7
9.g4 Qd8b6
10.b4 Qb6c7
11.Qd1d3 b6
12.f4 c5
13.c3 cxd4
14.Qd3xd4 Ne7c6
15.Qd4d1 Bf8e7
16.Bc1e3 Be7h4
17.Kf1 O-O-O
18.Be2a6 Kb8
19.Nb1d2 Rh8h7
20.Nd2f3 Bh4e7
21.Ra1a2 Rd8h8
22.g5 f6
23.b5 Nc6a5
24.Be3d4 Qc7c4
25.Ra2e2 Rh7h3
26.Kg2 Na5b3
27.Re2b2 Be7xa3
28.Rb2xb3 Ba3c5
29.Bd4xc5 Nd7xc5
30.gxf6 gxf6
31.Rb3b2 Qc4xf4
32.Rb2b4 Nc5e4
33.exf6 Qf4g4
34.Kf1 Rh3xf3
{ resign }
0-1